Šialenstvo /

Salvato in:
Dettagli Bibliografici
Autore principale: KRZYSZTOŃ, Jerzy (Autore)
Altri autori: WLACHOVSKÁ, Miroslava (Traduttore)
Natura: Libro
Lingua:slovacco
Pubblicazione: Bratislava Tatran 1990
Edizione:1. vydanie
Serie:LUK - Knižnica modernej svetovej prózy 138. zväzok
Tags: Aggiungi Tag
Nessun Tag, puoi essere il primo ad aggiungerne!!

MARC

LEADER 00000nam a22000003a 4500
001 0102709
003 SK-STU
005 20230619100443.9
007 ta
008 230619s ----xo-----e------000-0-----d
020 |a 80-222-0068-9 
040 |a STU  |b slo 
041 0 |a slo 
044 |a xo 
100 1 |a KRZYSZTOŃ, Jerzy  |4 aut 
245 1 0 |a Šialenstvo /  |c aut. Jerzy KRZYSZTOŃ ; prekl. Miroslava WLACHOVSKÁ 
250 |a 1. vydanie 
260 |a Bratislava  |b Tatran  |c 1990 
300 |a 904 s. 
490 0 |a LUK - Knižnica modernej svetovej prózy  |v 138. zväzok 
700 1 |a WLACHOVSKÁ, Miroslava  |4 trl 
996 |c I* 4SOA13942  |l I  |s A  |a 24  |w 0102709_0001